Najważniejsze bitwy kampanii wrześniowej na mapie - Statystyki

Ogólne statystyki
  • Ten quiz został rozwiązany 24 razy
  • Średni wynik to 5 z 8
Odpowiedzi na mapie
Odpowiedzi zakodowano w zielono-czerwonej skali na mapie do tego quizu, zgodnie z poniższymi procentami.
 
Statystyki odpowiedzi
Data Dowódca Bitwa % Poprawnych
9-22.09.1939 gen. Tadeusz Kutrzeba Bitwa nad {Bzurą}
86%
1-7.09.1939 mjr Henryk Sucharski Obrona {Westerplatte}
86%
1-28.09.1939 gen. Walerian Czuma Obrona {Warszawy}
81%
7-10.09.1939 kpt. Władysław Raginis Bitwa pod {Wizną}
71%
2-6.10.1939 gen. Franciszek Kleeberg Bitwa pod {Kockiem}
57%
1.09.1939 płk Julian Filipowicz Bitwa pod {Mokrą}
33%
1-19.09.1939 płk Stanisław Dąbek Bitwa o {Kępę Oksywską}
29%
28-30.09.1939 gen. Wilhelm Orlik-Rückemann Bitwa pod {Szackiem}
14%
Nie znaleziono quizów pasujących do podanych kryteriów
Rozkład punktacji
Procent ludzi z każdym wynikiem
Percentyl według liczby udzielonych odpowiedzi
Twoja historia wyników
Nie rozwiązałeś tego quizu